00495nam a2200145Ia 4500008004100000041000800041082001600049100001800065245004500083260004400128300002400172365001100196999001700207952012500224240624s9999 xx 000 0 und d aeng a346.066 RAM aRAMACHANDRA K aLEGAL ASPECTS OF BUSINESS TEXT AND CASES c2010aMumbaibHimalaya Publishing House a496 : p. : cm. ; 28 cRSb30 c19540d19540 00104070aIMTNbIMTNcRack 13-Bd2012-09-27eHPHPLg460.00o346.066 RAMp19540r2024-06-24 00:00:00t1w2024-06-24yBK